Statistics for U.S States with the Fewest Cows

Click here to take the quiz!

General Stats

  • This quiz has been taken 14,745 times
  • The average score is 8 of 10

Answer Stats

CattleState% Correct
3,000Rhode Island
91%
144,000Hawaii
88%
18,000Alaska
87%
74,000Maine
86%
12,000Delaware
80%
31,000New Hampshire
80%
47,000Connecticut
78%
24,000New Jersey
76%
165,000Maryland
73%
38,000Massachusetts
73%

Score Distribution

Percentile by Number Answered

Percent of People with Each Score

Your Score History

You have not taken this quiz